Normal view
MARC view
Entry Personal Name
001 - CONTROL NUMBER
- control field: 12309
003 - CONTROL NUMBER IDENTIFIER
- control field: BD-RjUL
005 - DATE AND TIME OF LATEST TRANSACTION
- control field: 20240314095009.0
008 - FIXED-LENGTH DATA ELEMENTS
- fixed length control field: 240314|| aca||aabn | a|a d
040 ## - CATALOGING SOURCE
- Original cataloging agency: BD-RjUL
- Transcribing agency: BD-RjUL
100 ## - HEADING--PERSONAL NAME
- Personal name: Carr, Deborah
- Fuller form of name: (Deborah S.)
670 ## - SOURCE DATA FOUND
- Source citation: Work cat.: (BD-RjUL)83349: Giddens, Anthony, author. 12306, Essentials of sociology /